Terminologický slovník zeměpisný česko-anglický

Gespeichert in:
Bibliographische Detailangaben
1. Verfasser: Král, J.
Format: Buch
Sprache:Tschechisch
Veröffentlicht: Praha Česká graf. unie 1947
Tags: Tag hinzufügen
Keine Tags, Fügen Sie das erste Tag hinzu!

MARC

LEADER 00000nam a2200000 4500
001 c123308
005 20050527145802.2
041 0 |a cze 
044 |a CZ 
245 1 0 |a Terminologický slovník zeměpisný česko-anglický  |c J. Král 
264 1 |a Praha  |b Česká graf. unie  |c 1947 
300 |a 133 s. 
100 1 |a Král, J.